New accounting standards and income tax reporting: a study of differences / (Record no. 2769)

MARC details
000 -LEADER
fixed length control field 00665nam a2200217 4500
003 - CONTROL NUMBER IDENTIFIER
control field OSt
005 - DATE AND TIME OF LATEST TRANSACTION
control field 20240726012609.0
008 - FIXED-LENGTH DATA ELEMENTS--GENERAL INFORMATION
fixed length control field 240726b |||||||| |||| 00| 0 eng d
020 ## - INTERNATIONAL STANDARD BOOK NUMBER
International Standard Book Number 9789719358619
040 ## - CATALOGING SOURCE
Original cataloging agency DWCL-Main lib.
Transcribing agency OC
082 ## - DEWEY DECIMAL CLASSIFICATION NUMBER
Edition number First edition
Classification number Fil. 657.3 N532 2007
006 - FIXED-LENGTH DATA ELEMENTS--ADDITIONAL MATERIAL CHARACTERISTICS
fixed length control field a
110 ## - MAIN ENTRY--CORPORATE NAME
Corporate name or jurisdiction name as entry element Punongbayan & Araullo
245 ## - TITLE STATEMENT
Title New accounting standards and income tax reporting: a study of differences /
250 ## - EDITION STATEMENT
Edition statement First edition
260 ## - PUBLICATION, DISTRIBUTION, ETC.
Place of publication, distribution, etc. Makati City:
Name of publisher, distributor, etc. Punongbayan & Araullo,
Date of publication, distribution, etc. c2007.
300 ## - PHYSICAL DESCRIPTION
Other physical details 122 p. ;
Dimensions 28 cm.
650 ## - SUBJECT ADDED ENTRY--TOPICAL TERM
Topical term or geographic name entry element 1. Accounting-Standards.
650 ## - SUBJECT ADDED ENTRY--TOPICAL TERM
Topical term or geographic name entry element 2. Taxation.
942 ## - ADDED ENTRY ELEMENTS (KOHA)
Source of classification or shelving scheme Dewey Decimal Classification
Suppress in OPAC No
Koha item type Book-Filipiniana
Edition First edition
Call number prefix Fil.
Holdings
Withdrawn status Lost status Source of classification or shelving scheme Damaged status Not for loan Home library Current library Shelving location Date acquired Source of acquisition Cost, normal purchase price Total Checkouts Full call number Barcode Date last seen Copy number Price effective from Koha item type Uniform Resource Identifier
    Dewey Decimal Classification     College Library College Library Filipiniana 10/06/2010 School Fund 798.00   Fil. 657.3 N532 2007 47833 07/26/2024 c1 07/26/2024 Book-Filipiniana
    Dewey Decimal Classification     College Library College Library Filipiniana 10/06/2010 School Fund 798.00   Fil. 657.3 N532 2007 47834 07/26/2024 c2 07/26/2024 Book-Filipiniana
    Dewey Decimal Classification     College Library College Library Filipiniana 10/06/2010 School Fund 798.00   Fil. 657.3 N532 2007 47835 07/26/2024 c3 07/26/2024 Book-Filipiniana